Rap quiz by artist - Statistics

General Stats
  • This quiz has been taken 61 times
  • The average score is 12 of 21
Answer Stats
Hint Answer % Correct
One dance Drake
98%
No role modelz J cole
95%
SICKO MODE (Ft. Drake) Travis scott
90%
Runaway Kanye West
81%
Trap queen Fetty Wap
79%
Ransom Lil Tecca
79%
Robbery Juice wrld
71%
6 Foot 7 Foot Lil Wayne
64%
The Way Life Goes Lil Uzi Vert
60%
Solo Future
55%
On one tonight Gunna
50%
Taste Tyga
45%
2055 Sleepy Hallow
43%
EA (Ft. 21 savage) Young Nudy
43%
Coffin Lil Yachty
41%
Hot Young thug
41%
All in Lil Baby
31%
16 Baby Keem
29%
Texas BigXThaPlug
26%
Chip on my shoulder Rod Wave
24%
Out on Bond Babytron
19%
No matching quizzes found
Score Distribution
Percent of People with Each Score
Percentile by Number Answered
Your Score History
You have not taken this quiz